DUMAN- Eyvallah Şarkı Sözleri - Statistics

General Stats
  • This quiz has been taken 21 times
  • The average score is 26 of 47
Answer Stats
Şarkı Sözü % Correct
Eyvallah
95%
Eyvallah
95%
Gazına
95%
Sopasına
95%
Biberine
89%
Copuna
89%
Tekmelerin
89%
Hasına
84%
Şerefe
68%
Ama
63%
Bana
63%
Bana
63%
Hepinize
63%
Bizim
58%
Bizim
58%
Hala
58%
Hala
58%
Hala
58%
Şamarı
58%
Yüzümüze
58%
Dedim
53%
Dedim
53%
Dedim
53%
Dilimize
53%
Garezi
53%
Meydanlar
53%
Söyle
53%
Haklıyım
47%
Korkmadan
47%
Özgürüm
47%
Sana
47%
Utanmadan
47%
Vatan
47%
Vazgeçer
47%
Bu
42%
İnsanım
42%
Miyim
42%
Saldırın
42%
Unutmayın
42%
Çekinmeden
37%
Ezilmedim
37%
Kaldırın
37%
Sıkılmadan
37%
Gözlerim
32%
Yanar
32%
Azalmadım
26%
Eli
26%
No matching quizzes found
Score Distribution
Percent of People with Each Score
Percentile by Number Answered
Your Score History
You have not taken this quiz